| 000 | 00387nam a22001217a 4500 | ||
|---|---|---|---|
| 999 |
_c10168 _d10168 |
||
| 003 | OSt | ||
| 008 | 201218b ||||| |||| 00| 0 eng d | ||
| 245 | _aInternational Journal of Embedded Systems and Computer Engineering | ||
| 250 | _a2011(Jan-Jun Vol.3 No.1, Jul-Dec Vol.3 No.2) | ||
| 260 |
_aNew Delhi _bResearch Science Press |
||
| 650 | _aComputer Science Engineering | ||
| 942 |
_2ddc _cBV |
||